000 01124nam a22002537a 4500
005 20170124102947.0
010 _aB-014310
020 _c80.00
_a8126303905
035 _aB-014310
037 _bCen Lib/Ret
040 _aDPL
_bHN
082 _a821
_bबशीर
100 _aबशीर अहमद
_950326
245 _aस्वर्णरेख :
_cबशीर अहमद
_bऋग्वेदाय कथा-ऋचा का काव्य-रूप /
246 _aSwarnrekh : hrigveday katha-hricha ka kvya-roop /
_bby Bashir Ahmad
260 _aदिल्ली
_bभारतीय ज्ञानपीठ
_c2000
270 _a18, इंस्टीटयुश्नल एरिया, लोधी रोड
_bदिल्ली
_e110003
300 _a112पृ.
_c20सेमी(सजिल्द)
650 _aहिंदी साहित्य
_950327
650 _aहिंदी साहित्य -- कविता
_950328
650 _aHindi literature
_950329
650 _aHindi literature -- Poetry
_950330
942 _2ddc
_cHN
_h821
_mबशीर
999 _c113033
_d113033